Geography Quiz

Random Geography or Blitz Quiz

Blitz: Continental Grab Bag Quiz Stats

Quiz Updated May 17, 2017

Challenge
Share
Tweet
Embed
Score 0/30 Timer 02:00
8 Plays Today
Category Country % Correct
Oceania
Most populous countries
Australia
81.4%
Oceania
Most populous countries
New Zealand
78.1%
South America
South of Tropic of Capricorn
Chile
77.5%
South America
South of Tropic of Capricorn
Argentina
77.3%
Africa
More than 15 letters
Democratic Republic of the Congo
75.7%
Europe
Starts with 'M'
Macedonia
73%
Asia
Borders Uzbekistan
Kazakhstan
70.8%
South America
South of Tropic of Capricorn
Uruguay
70.8%
Europe
Starts with 'M'
Moldova
69.6%
South America
South of Tropic of Capricorn
Brazil
69.4%
South America
South of Tropic of Capricorn
Paraguay
68.7%
Asia
Borders Uzbekistan
Turkmenistan
68.7%
Europe
Starts with 'M'
Monaco
66.9%
Asia
Borders Uzbekistan
Tajikistan
65.9%
Europe
Starts with 'M'
Montenegro
64.9%
Category Country % Correct
Europe
Starts with 'M'
Malta
64.8%
Asia
Borders Uzbekistan
Kyrgyzstan
59%
Africa
More than 15 letters
Central African Republic
58.9%
Africa
More than 15 letters
Republic of the Congo
55.7%
Asia
Borders Uzbekistan
Afghanistan
55.2%
Oceania
Most populous countries
Fiji
51.9%
North America
Smallest countries
St. Kitts and Nevis
50%
Oceania
Most populous countries
Papua New Guinea
47.9%
North America
Smallest countries
St. Vincent and the Grenadines
43.7%
North America
Smallest countries
Grenada
42.3%
North America
Smallest countries
Barbados
38.5%
Africa
More than 15 letters
São Tomé and Príncipe
38.2%
North America
Smallest countries
Antigua and Barbuda
35.4%
Africa
More than 15 letters
Equatorial Guinea
25.2%
Oceania
Most populous countries
Solomon Islands
22.2%

You're not logged in!

Compare scores with friends on all Sporcle quizzes.
Join for Free
OR
Log In

You Might Also Like...

Show Comments

Extras

Top Quizzes Today


Score Distribution

Your Account Isn't Verified!

In order to create a playlist on Sporcle, you need to verify the email address you used during registration. Go to your Sporcle Settings to finish the process.

Report this User

Report this user for behavior that violates our Community Guidelines.

Details: